Catálogo
 En Linea

Llanto sin término por hijo nunca llegado / (Registro nro. 9048)

Detalles MARC
000 -CABECERA
campo de control de longitud fija 00562nam a2200181 a 4500
001 - NÚMERO DE CONTROL
campo de control 000009286
003 - IDENTIFICADOR DEL NÚMERO DE CONTROL
campo de control DO-SdBNP
005 - FECHA Y HORA DE LA ÚLTIMA TRANSACCIÓN
campo de control 20240312192721.0
008 - DATOS DE LONGITUD FIJA--INFORMACIÓN GENERAL
campo de control de longitud fija 090929s1960 pr 001 0 spa d
040 ## - FUENTE DE LA CATALOGACIÓN
Centro catalogador/agencia de origen DO-SdBNP
Lengua de catalogación spa
Centro/agencia transcriptor BNPHU
049 ## - FONDOS LOCALES (OCLC)
Fondos de biblioteca BNPD
100 1# - ENTRADA PRINCIPAL--NOMBRE DE PERSONA
Nombre de persona Carmen Natalia,
Fechas asociadas al nombre 1917-1976
9 (RLIN) 29216
245 10 - MENCIÓN DE TÍTULO
Título Llanto sin término por hijo nunca llegado /
Mención de responsabilidad, etc. Carmen Natalia.
260 ## - PUBLICACIÓN, DISTRIBUCIÓN, ETC.
Lugar de publicación, distribución, etc. San Juan, Puerto Rico :
Nombre del editor, distribuidor, etc. Ateneo Puertoriqueño,
Fecha de publicación, distribución, etc. 1960.
Fabricante Imprenta Venezuela
300 ## - DESCRIPCIÓN FÍSICA
Extensión 35 p. ;
Dimensiones 22 cm.
586 ## - NOTA DE PREMIOS
Nota de premios Premio festival navidad 1959
942 ## - ELEMENTOS DE PUNTO DE ACCESO ADICIONAL (KOHA)
Fuente del sistema de clasificación o colocación Dewey Decimal Classification
Tipo de ítem Koha Libro
Existencias
Estado de retiro Estado de pérdida Restricciones de uso No para préstamo Código de colección Localización permanente Ubicación/localización actual Ubicación en estantería Fecha de adquisición Número de inventario Total de préstamos Signatura topográfica completa Código de barras Fecha visto por última vez Precio válido a partir de Tipo de ítem Koha
      Excluido de préstamo Monografías: Libros y Folletos General General En catalogación 29.09.2009 LF1   9286-10 25.06.2020 25.06.2020 No se presta

Con tecnología Koha